Model spravedlivé a efektivní environmentální silniční daně z osopbních vozidel

Teoretický rámec efektívneho a spravodlivého systému zdaňovania osobných vozidiel. Stavba modelu zdaňovania osobných vozidiel.

Salvato in:
Dettagli Bibliografici
Autore principale: David, Petr
Natura: Capitolo di libro
Lingua:ceco
Soggetti:
Tags: Aggiungi Tag
Nessun Tag, puoi essere il primo ad aggiungerne!!

MARC

LEADER 00000naa a2200000 4500
001 0206228
005 20231208074118.1
041 0 |a cze 
044 |a SK 
245 1 0 |a Model spravedlivé a efektivní environmentální silniční daně z osopbních vozidel  |c Petr David 
520 |a Teoretický rámec efektívneho a spravodlivého systému zdaňovania osobných vozidiel. Stavba modelu zdaňovania osobných vozidiel. 
610 2 0 |a dane cestné 
610 2 0 |a zdaňovanie 
610 2 0 |a dane z vozidiel motorových 
610 2 0 |a Európska únia 
100 1 |a David, Petr